Vividhathwayata amanthrnaya : (Record no. 5137)
[ view plain ]
| 000 -LEADER | |
|---|---|
| fixed length control field | 00471nam a2200169Ia 4500 |
| 005 - DATE AND TIME OF LATEST TRANSACTION | |
| control field | 20250606003839.0 |
| 008 - FIXED-LENGTH DATA ELEMENTS--GENERAL INFORMATION | |
| fixed length control field | 240331s9999 xx 000 0 und d |
| 020 ## - INTERNATIONAL STANDARD BOOK NUMBER | |
| ISBN | 905031094X |
| 082 ## - DDC Classification | |
| Item Number - Author Mark | VIV |
| Class No. | 303 |
| 245 #0 - TITLE STATEMENT | |
| Title | Vividhathwayata amanthrnaya : |
| Remainder of title | gatuma ha samaya pilibanda Sri Lankika kathika |
| 260 ## - PUBLICATION, DISTRIBUTION, ETC. | |
| Name of publisher, distributor, etc. | Netherlands Institute of International Relations |
| 300 ## - PHYSICAL DESCRIPTION | |
| Extent (e.g. Volumes, Pages etc.) | XX, 298 p ., |
| 650 ## - SUBJECT ADDED ENTRY--TOPICAL TERM | |
| Topical term or geographic name entry element | Conflict |
| 650 ## - SUBJECT ADDED ENTRY--TOPICAL TERM | |
| Topical term or geographic name entry element | Peace |
| 700 ## - ADDED ENTRY--PERSONAL NAME | |
| Personal name | Ferxs,J. |
| Relator term (Role) | Editor |
| 942 ## - Koha item type (Biblio) | |
| Koha item type | Books in Stacks (Lending) |
| Lost status | Damaged status | Collection code | Home library | Current library | Shelving location | Date acquired | Full call number | Accession Number | Item type |
|---|---|---|---|---|---|---|---|---|---|
| Lending | WERC Library | WERC Library | Social Science Cupboard | 03/31/2024 | 303.6 VIV | 6349 | Books in Stacks (Lending) |
